000 00515nam a2200169 i 4500
001 55229
003 ES-MaACL
005 20230906163115.0
007 t|
008 030916s1912 ag ||||1| spa d
100 1 _aDellepiane, Antonio.
_943540
245 1 3 _aEl progreso y su fórmula
_b: la lucha por el progreso /
_cAntonio Dellepiane.
260 _aBuenos Aires :
_bAlbasio,
_c1912.
300 _a32 p. ;
_c27 cm.
500 _aPublicado en la revista: Nosotros, mayo de 1912.
852 _aES-MaACL
_jT-1323-F-4
999 _c55229
_d55229